[Event "ITA-ch U20 26th"]
[Site "Bratto"]
[Date "2003.08.22"]
[Round "2"]
[White "Hellweger, Stefan"]
[Black "Buchicchio, Roberto"]
[Result "1/2-1/2"]
[WhiteElo "1576"]
[BlackElo "1690"]
[PlyCount "85"]
[EventDate "2003.08.21"]
[EventType "swiss"]
[EventRounds "9"]
[EventCountry "ITA"]
[SourceTitle "EXT 2007"]
[Source "ChessBase"]
[SourceDate "2006.11.23"]
[SourceVersion "1"]
[SourceVersionDate "2006.11.23"]
[SourceQuality "1"]

1. e4 c5 2. Nf3 Nc6 3. Bc4 d6 4. 0-0 Nf6 5. Nc3 Bg4 6. Be2 g6 7. d3 Bg7 8. h3 Bxf3 9. Bxf3 0-0 10. g3 Nd7 11. Bg2 Rb8 12. Be3 e6 13. Rb1 b5 14. a4 b4 15. Ne2 Qa5 16. b3 Qb6 17. Qd2 Rfe8 18. Rbd1 Nd4 19. Kh2 Qd8 20. f4 f5 21. Nxd4 cxd4 22. Bf2 Qf6 23. exf5 gxf5 24. Rde1 Rec8 25. Re2 Rc5 26. Rfe1 e5 27. Rf1 Bh6 28. Rfe1 a5 29. Rf1 Nf8 30. Rfe1 Ng6 31. Qd1 Rf8 32. Kh1 Rf7 33. Kg1 Re7 34. Kh1 Kf8 35. fxe5 dxe5 36. Rf1 Qg5 37. h4 Qg4 38. Kh2 Nxh4 39. Bh3 Nf3+ 40. Kg2 Nh4+ 41. Kh2 Nf3+ 42. Kg2 Nh4+ 43. Kh2 1/2-1/2

[Event "ITA-ch U20 26th"]
[Site "Bratto"]
[Date "2003.08.21"]
[Round "1"]
[White "Buchicchio, Roberto"]
[Black "Di Caro, Calogero"]
[Result "0-1"]
[WhiteElo "1690"]
[BlackElo "2221"]
[PlyCount "104"]
[EventDate "2003.08.21"]
[EventType "swiss"]
[EventRounds "9"]
[EventCountry "ITA"]
[SourceTitle "EXT 2007"]
[Source "ChessBase"]
[SourceDate "2006.11.23"]
[SourceVersion "1"]
[SourceVersionDate "2006.11.23"]
[SourceQuality "1"]

1. e4 e6 2. d4 d5 3. Nd2 Be7 4. c3 c5 5. dxc5 Nf6 6. exd5 Qxd5 7. Ngf3 Qxc5 8. Nb3 Qc7 9. Bd3 0-0 10. 0-0 e5 11. Re1 Nc6 12. h3 h6 13. Qc2 b6 14. Nh4 Re8 15. Nf5 Bf8 16. Ng3 Bb7 17. Bd2 Nd5 18. Re2 Nf4 19. Bxf4 exf4 20. Nf5 f3 21. Rxe8 Rxe8 22. gxf3 Ne5 23. Nd2 Nxf3+ 24. Nxf3 Bxf3 25. Nd4 Ba8 26. Qd2 Bc5 27. Re1 Re5 28. Rxe5 Qxe5 29. Qe3 Qd5 30. f3 g6 31. Be4 Qe5 32. Kg2 f5 33. Qxh6 fxe4 34. Qxg6+ Qg7 35. Qxg7+ Kxg7 36. fxe4 Bxe4+ 37. Kg3 Bd5 38. b3 Kf6 39. Kf4 Bd6+ 40. Ke3 Kg5 41. Nf3+ Kf6 42. Nd4 Bg2 43. h4 Bg3 44. Nf3 Bxf3 45. Kxf3 Bxh4 46. Ke4 Ke6 47. Kd4 Kd6 48. Kc4 Kc6 49. a4 a6 50. b4 b5+ 51. axb5+ axb5+ 52. Kd4 Bf6+ 0-1

[Event "ITA-ch U20 25th"]
[Site "Bratto"]
[Date "2002.08.28"]
[Round "9"]
[White "Buchicchio, Roberto"]
[Black "Bartolini, Marco"]
[Result "0-1"]
[WhiteElo "1645"]
[BlackElo "1618"]
[PlyCount "64"]
[EventDate "2002.08.20"]
[EventType "swiss"]
[EventRounds "9"]
[EventCountry "ITA"]
[SourceTitle "EXT 2007"]
[Source "ChessBase"]
[SourceDate "2006.11.23"]
[SourceVersion "1"]
[SourceVersionDate "2006.11.23"]
[SourceQuality "1"]

1. e4 e6 2. d4 d5 3. e5 c5 4. c3 Nc6 5. Nf3 Qb6 6. Bd3 cxd4 7. cxd4 Bd7 8. 0-0 Nxd4 9. Nxd4 Qxd4 10. Nc3 a6 11. Bb5 Qxd1 12. Bxd7+ Kxd7 13. Rxd1 Ne7 14. Na4 Nc8 15. Be3 b5 16. Nb6+ Nxb6 17. Bxb6 Be7 18. Rac1 Rac8 19. f4 Rxc1 20. Rxc1 Rc8 21. Rxc8 Kxc8 22. Kf2 Kd7 23. Ke3 Kc6 24. Bd4 Bc5 25. a3 a5 26. Kd3 h5 27. Bxc5 Kxc5 28. b3 f6 29. g3 fxe5 30. fxe5 d4 31. Ke4 a4 32. bxa4 bxa4 0-1